header

Wittgenstein, politics and human rights (Record no. 12164)

MARC details
000 -LEADER
fixed length control field 01174nam a2200301 a 4500
082 04 - DEWEY DECIMAL CLASSIFICATION NUMBER
Classification number 323/.01
100 1# - MAIN ENTRY--AUTHOR NAME
Personal name Holt, Robin,
245 10 - TITLE STATEMENT
Title Wittgenstein, politics and human rights
260 ## - PUBLICATION, DISTRIBUTION, ETC. (IMPRINT)
Place of publication London ;
-- New York :
Name of publisher LSE/Routledge,
Year of publication 1997.
300 ## - PHYSICAL DESCRIPTION
Number of Pages 172 p.
650 #0 - SUBJECT ADDED ENTRY--TOPICAL TERM
Topical Term Human rights.
856 40 - ELECTRONIC LOCATION AND ACCESS
Uniform Resource Identifier http://site.ebrary.com/lib/rucke/Doc?id=10017003

No items available.

© 2026 Rongo University
Contact us: librarian | system librarian | Rongo university